MARC

LEADER 00000nam^a2200000^a^4500
001 000187987
005 20250521000000.0
009 20260310102321.253
037 |a Acervo ITESO - Biblioteca 
041 |a ESP 
082 |a 864.  |b ORT 
100 |a Ortega y Gasset, José  |e (autor) 
245 1 0 |a Espíritu de la letra /  |c J. Ortega y Gasset. 
250 |a 6a edición 
264 4 |a Madrid, España :  |b Revista de Occidente,  |c 1967, c1967 
300 |a 203 p. 
336 |a texto  |b txt  |2 rdacontenido 
337 |a sin mediación  |b n  |2 rdamedio 
338 |a volumen  |b nc  |2 rdasoporte 
440 4 |a (El Arquero Revista de Occidente) 
649 |a XX 
650 |a Ensayos Españoles 
650 |a Español -  |x Historia 
650 |a Lenguas Romances -  |x Historia 
650 |a Lenguas Itálicas -  |x Historia 
650 |a Lenguas Indo-Europeas -  |x Historia 
650 |a Lenguas -  |x Historia 
650 |a Lingüística 
650 |a Biblia -  |x Historia y Crítica 
650 |a Biblia -  |x Hermenéutica 
650 |a Libros Sagrados 
650 |a Cristianismo 
650 |a Religión 
650 |a Inteligencia Animal 
650 |a Chimpancés 
650 |a Zoología 
650 |a Hombre -  |x Origen 
650 |a Evolución 
650 |a Viajes y Travesías -  |z Islas Galápagos, Ecuador 
650 |a Islas Galápagos, Ecuador -  |x Descripción 
650 |a Etica 
650 |a Filosofía Griega 
650 |a Filosofía Clásica 
650 |a Escritores Españoles 
650 |a Creación (Literaria, Artística, etc.) 
650 |a Religión y Literatura -  |z Inglaterra 
650 |a Literatura Española -  |y Epoca Clásica, 1500-1700 
650 |a Literatura Española -  |y Siglo XX 
650 |a Literatura Española -  |x Historia y Crítica 
650 |a Literatura -  |x Historia y Crítica 
650 |a Miró, Gabriel 
650 |a Góngora y Argote, Luis de 
650 |a Miró, Gabriel 
650 |a Taine, Hippolyte Adolphe 
650 |a Tagore, Rabindranath 
600 |a Valle-Inclán, Ramón del 
600 |a Azorín 
910 |a Fondo General 
920 |a Impresos - Libros 
930 |a Colección General 
940 |a Literatura 
905 |a 101 
901 |a 0500130479  |b IT1  |c LIT  |u 20250521 
902 |a https://opac.biblio.iteso.mx/vufind/Record/000187987